Speed Borders Quiz Stats

Quiz Updated Jul 13, 2016

Also try: Border Countries
Challenge
Share
Tweet
Embed
Score 0/26 Timer 02:00
0 Plays Today
Country Borders: % Correct
United Kingdom???
95.4%
Germany???
94.8%
Haiti???
91.9%
Egypt???
79.3%
France???
77.2%
Indonesia???
75.9%
Mexico???
64.8%
China???
62%
Kazakhstan???
59%
South Africa???
57.4%
Estonia???
50.5%
Togo???
48.7%
Romania???
47.8%
Country Borders: % Correct
Bolivia???
47.1%
Russia???
44.6%
Costa Rica???
44.2%
Bhutan???
39.9%
Albania???
39.1%
Nigeria???
37.6%
Guyana???
37.1%
Liechtenstein???
30.8%
Chad???
28.5%
Azerbaijan???
27.1%
Malawi???
24.8%
Qatar???
15.4%
Somalia???
13.4%

You're not logged in!

Compare scores with friends on all Sporcle quizzes.
Join for Free
OR
Log In

You Might Also Like...

Show Comments

Extras

Top Quizzes Today


Score Distribution

Your Account Isn't Verified!

In order to create a playlist on Sporcle, you need to verify the email address you used during registration. Go to your Sporcle Settings to finish the process.

Report this User

Report this user for behavior that violates our Community Guidelines.

Details: